NBA Trivia - Statistics

General Stats
  • This quiz has been taken 283 times
  • The average score is 11 of 15
Answer Stats
Question Answer % Correct
Most points scored by a player in a game Wilt Chamberlain 100
97%
Who is the Logo for the NBA Jerry West
96%
Only Father and Son duo in the league Lebron and Bronny James
95%
Who has scored the most points in their career Lebron James
95%
What College did Lebron James go to None
94%
Kobe bryant's Nickname Black Mamba
93%
Who went 73-9 in the 2015-16 season Warriors
93%
which team has won the most championships Celtics
92%
Who has the most assists in their career John Stockton
92%
Who has the most blocks in their career Hakeem Olajuwon
88%
Newest NBA team Hornets
63%
Who has the most rebounds in their career Wilt Chamberlain
60%
When was the NBA created 1946
57%
First NBA team Kings
27%
Who went 15-67 in the 2007-08 season Heat
6%
No matching quizzes found
Score Distribution
Percent of People with Each Score
Percentile by Number Answered
Your Score History
You have not taken this quiz